[Event "XXXII Moglianoscacchi A"]
[Site "Mogliano Veneto ITA"]
[Date "2011.04.30"]
[Round "3"]
[White "Boscolo, Federico"]
[Black "Cecchetto, Vanni"]
[Result "1-0"]
[WhiteElo "2233"]
[BlackElo "1911"]
[PlyCount "157"]
[EventDate "2011.04.29"]

1. e4 e6 2. d4 c5 3. Nf3 cxd4 4. Nxd4 Bc5 5. Be3 Qb6 6. Nb5 Bxe3 7. fxe3 Ke7 8.
Qd2 a6 9. Nd4 Qxb2 10. Nb3 Qe5 11. Na3 Nc6 12. Nc4 Qc7 13. e5 b5 14. Qd6+ Qxd6
15. exd6+ Ke8 16. Nb6 Rb8 17. Nxc8 Rxc8 18. a4 f5 19. axb5 axb5 20. Bxb5 Nb4
21. Nd4 Nf6 22. Ra7 Nxc2+ 23. Nxc2 Rxc2 24. O-O Rc8 25. e4 Kf7 26. e5 Rc5 27.
Bxd7 Nxd7 28. Rxd7+ Kg6 29. Rf3 Rxe5 30. Rg3+ Kf6 31. Rgxg7 Rd5 32. Rdf7+ Ke5
33. d7 Rd1+ 34. Kf2 Rb8 35. h3 Kf4 36. Rg4+ Ke5 37. Rgg7 Kf4 38. Rg4+ Ke5 39.
Rc4 Rd8 40. Rc7 h5 41. Kg3 Rg8+ 42. Kf3 Rd8 43. Rh7 Rd4 44. Rc5+ Kd6 45. Ra5
Rc4 46. Rxh5 Rc3+ 47. Kf4 Rxd7 48. Rh6 Rc6 49. Rxf5 Rc4+ 50. Ke3 Rc3+ 51. Kf2
Rg7 52. Ra5 Rc2+ 53. Ke3 Rcxg2 54. Ra6+ Kd5 55. Rh5+ Kc4 56. Rxe6 R2g3+ 57. Kf4
Rg1 58. Ke5 Rf7 59. h4 Rh1 60. Rhh6 Rb7 61. Ref6 Re1+ 62. Kd6 Rb6+ 63. Kd7 Rxf6
64. Rxf6 Rh1 65. Ra6 Kd4 66. Ke6 Ke4 67. Ra4+ Kf3 68. Kf5 Ke3 69. Kg5 Rb1 70.
Ra5 Ke4 71. h5 Rb8 72. h6 Rb1 73. h7 Rb8 74. Ra7 Ke5 75. Re7+ Kd6 76. Rg7 Rb5+
77. Kh6 Rb1 78. Rg6+ Ke7 79. h8=Q 1-0

[Event "XXXII Moglianoscacchi A"]
[Site "Mogliano Veneto ITA"]
[Date "2011.04.30"]
[Round "3"]
[White "Castellano, Alfonso"]
[Black "Litrico, Paolo"]
[Result "1-0"]
[WhiteElo "1909"]
[BlackElo "1963"]
[PlyCount "86"]
[EventDate "2011.04.29"]

1. c4 f5 2. Nc3 Nf6 3. g3 g6 4. Bg2 Bg7 5. d3 O-O 6. e3 e5 7. Nge2 Nc6 8. O-O
d6 9. Rb1 a5 10. a3 h6 11. f4 Qe8 12. Nb5 Qe7 13. Nec3 Nd8 14. Nd5 Nxd5 15.
cxd5 c6 16. Nc3 Bd7 17. Re1 c5 18. a4 Nf7 19. Bd2 Qd8 20. Re2 Qb6 21. Kh1 Kh7
22. Qc2 Rfe8 23. Rbe1 Qa6 24. Bf3 Rab8 25. Rg2 b5 26. axb5 Bxb5 27. Nxb5 Qxb5
28. Bc3 a4 29. e4 Rb7 30. exf5 gxf5 31. g4 Bf6 32. gxf5 Rg8 33. Reg1 Rbb8 34.
Rg6 Nh8 35. Rxf6 Rxg1+ 36. Kxg1 Rg8+ 37. Kh1 c4 38. d4 exd4 39. Qf2 dxc3 40.
Qh4 Nf7 41. Rxf7+ Rg7 42. Qf6 Rxf7 43. Qxf7+ Kh8 1-0

[Event "XXXII Moglianoscacchi A"]
[Site "Mogliano Veneto ITA"]
[Date "2011.04.30"]
[Round "3"]
[White "De Napoli, Giuseppe"]
[Black "Santolini, Luigi"]
[Result "0-1"]
[WhiteElo "2061"]
[BlackElo "2208"]
[PlyCount "108"]
[EventDate "2011.04.29"]

1. d4 Nf6 2. Nf3 g6 3. Nc3 d5 4. Bf4 Bg7 5. Qd2 O-O 6. e3 c6 7. Be2 Nbd7 8. h3
h6 9. Ne5 Nxe5 10. Bxe5 Nd7 11. Bxg7 Kxg7 12. e4 dxe4 13. Nxe4 f5 14. Nc3 Nf6
15. O-O e5 16. Rad1 exd4 17. Qxd4 Qxd4 18. Rxd4 Be6 19. Rfd1 Rae8 20. Bf3 g5
21. g3 Re7 22. a4 Rfe8 23. a5 a6 24. b3 h5 25. Na4 g4 26. hxg4 hxg4 27. Bg2 Nd7
28. c4 Nf6 29. Nc5 Bc8 30. Kf1 Ne4 31. Bxe4 fxe4 32. Re1 e3 33. Rxe3 Rxe3 34.
fxe3 Rxe3 35. Re4 Rc3 36. Re7+ Kg6 37. Rc7 Bf5 38. Rxb7 Rxg3 39. Rb6 Bc2 40.
Rxc6+ Kf5 41. b4 Rc3 42. Rxa6 Rxc4 43. Rb6 Bd1 44. a6 Bf3 45. a7 g3 46. Nd3 Rh4
47. Rb5+ Kf6 48. Rb6+ Ke7 49. Ke1 Rh1+ 50. Kd2 g2 51. Rg6 g1=Q 52. Rxg1 Rxg1
53. b5 Rb1 54. Ne5 Ba8 0-1

[Event "XXXII Moglianoscacchi A"]
[Site "Mogliano Veneto ITA"]
[Date "2011.04.30"]
[Round "3"]
[White "Fiorido, Giuseppe"]
[Black "Panican, Gheorghe"]
[Result "1/2-1/2"]
[WhiteElo "2139"]
[BlackElo "1971"]
[PlyCount "214"]
[EventDate "2011.04.29"]

1. e4 c5 2. Nf3 d6 3. Bb5+ Nd7 4. O-O e5 5. Nc3 Ngf6 6. d3 a6 7. Bc4 b5 8. Bb3
Be7 9. a4 Rb8 10. Bg5 b4 11. Bxf6 Nxf6 12. Nd5 Nxd5 13. Bxd5 O-O 14. Bc4 a5 15.
Qb1 Kh8 16. Nd2 Bg5 17. Qd1 g6 18. Bd5 f5 19. Nc4 f4 20. f3 h5 21. Kf2 Ba6 22.
Nd2 Bh6 23. b3 Qh4+ 24. Kg1 Qg5 25. Kf2 Qd8 26. Qe2 Qh4+ 27. Kg1 Bg7 28. Nc4
Qd8 29. Kf2 Bf6 30. Ke1 Qc7 31. Nd2 Bc8 32. Kd1 Bd8 33. Kc1 Qe7 34. Kb2 Bd7 35.
Rg1 Qf6 36. Ka2 g5 37. Raf1 Re8 38. Rh1 Re7 39. h3 Rh7 40. Nc4 Bc7 41. Qd1 Re8
42. Nd2 Ree7 43. Nc4 Reg7 44. Rfg1 Rh6 45. Kb1 Bd8 46. Ka2 Qg6 47. Qe1 Be8 48.
Nd2 Rgh7 49. Kb2 Qf6 50. Ka2 Kg7 51. Qf1 Kf8 52. Kb1 Bd7 53. Ka2 g4 54. hxg4
hxg4 55. Rxh6 Rxh6 56. Rh1 g3 57. Rg1 Rh2 58. Qe2 Qh6 59. Qe1 Bc7 60. Kb2 Ke7
61. Ka2 Kd8 62. Kb2 Kc8 63. Nc4 Kb8 64. Qf1 Ka7 65. Ka2 Qh8 66. Nd2 Qe8 67. Kb1
Bc8 68. Kc1 Ba6 69. Bc4 Bc8 70. Bd5 Qh5 71. Kd1 Qh6 72. Kc1 Bd7 73. Kd1 Qh8 74.
Kc1 Qe8 75. Kd1 Rh5 76. Rh1 Qh8 77. Rg1 Rh2 78. Kc1 Qe8 79. Kd1 Qh8 80. Kc1 Bc8
81. Kd1 Ba6 82. Bc4 Bb7 83. Kc1 Bd8 84. Qe1 Bb6 85. Kb1 Qe8 86. Ka2 Rh5 87. Rh1
Qh8 88. Rg1 Rh2 89. Kb1 Kb8 90. Ka2 Kc7 91. Kb1 Rh5 92. Ka2 Rh2 93. Kb1 Bc6 94.
Kc1 Kb8 95. Kb1 Qf6 96. Kc1 Qg5 97. Kb1 Kc7 98. Kc1 Qh5 99. Kb1 d5 100. exd5
Bd7 101. Ne4 Qh8 102. Ka2 Bf5 103. Nd2 Kd6 104. Ne4+ Kc7 105. Nd2 Kd6 106. Ne4+
Kc7 107. Nd2 Kd6 1/2-1/2

[Event "XXXII Moglianoscacchi A"]
[Site "Mogliano Veneto ITA"]
[Date "2011.04.30"]
[Round "3"]
[White "Giuriato, Sergio"]
[Black "Pozzi, Massimo"]
[Result "1/2-1/2"]
[WhiteElo "1945"]
[BlackElo "2035"]
[PlyCount "41"]
[EventDate "2011.04.29"]

1. d4 d5 2. c4 c6 3. Nc3 Nf6 4. Nf3 a6 5. e3 Bg4 6. Qb3 Ra7 7. Ne5 e6 8. f3 Bf5
9. Be2 h6 10. Bd2 Nbd7 11. cxd5 exd5 12. e4 Be6 13. Nxd7 Qxd7 14. e5 Nh7 15.
Qc2 Bf5 16. Bd3 Bxd3 17. Qxd3 Be7 18. O-O O-O 19. Rae1 f5 20. exf6 Bxf6 21. Re2
1/2-1/2

[Event "XXXII Moglianoscacchi A"]
[Site "Mogliano Veneto ITA"]
[Date "2011.04.30"]
[Round "3"]
[White "Inkiov, Ventzislav V."]
[Black "Aleksic, Nenad"]
[Result "1/2-1/2"]
[WhiteElo "2497"]
[BlackElo "2355"]
[PlyCount "20"]
[EventDate "2011.04.29"]

1. d4 Nf6 2. c4 e6 3. Nf3 b6 4. g3 Bb7 5. Bg2 Be7 6. O-O O-O 7. Nc3 Ne4 8. Nxe4
Bxe4 9. Ne1 Bxg2 10. Kxg2 d5 1/2-1/2

[Event "XXXII Moglianoscacchi A"]
[Site "Mogliano Veneto ITA"]
[Date "2011.04.30"]
[Round "3"]
[White "Quaranta, Cristiano"]
[Black "Gigovski, Gjoko"]
[Result "1/2-1/2"]
[WhiteElo "2130"]
[BlackElo "1944"]
[PlyCount "91"]
[EventDate "2011.04.29"]

1. Nf3 d5 2. c4 c6 3. e3 Nf6 4. d4 g6 5. Nc3 Bg7 6. Be2 O-O 7. O-O Bg4 8. h3
Bxf3 9. Bxf3 e6 10. cxd5 exd5 11. b4 a6 12. a4 Re8 13. Qc2 Nbd7 14. Rb1 Rc8 15.
Bd2 Nb6 16. b5 axb5 17. axb5 Nc4 18. bxc6 bxc6 19. Qd3 Nxd2 20. Qxd2 Ne4 21.
Bxe4 dxe4 22. Rfd1 Rb8 23. Qc2 Rxb1 24. Rxb1 f5 25. Na4 Qf6 26. Rb6 Rc8 27. g3
Bf8 28. Kg2 Qd6 29. Nc5 Qd5 30. Rb7 Bxc5 31. dxc5 Rd8 32. Qa4 Rd7 33. Rb8+ Kg7
34. Qa1+ Kh6 35. Qf6 Qd1 36. Rb2 Qd5 37. Qf8+ Kh5 38. Qf6 Kh6 39. Qf8+ Kh5 40.
g4+ fxg4 41. hxg4+ Kxg4 42. Qf4+ Kh5 43. Qh2+ Kg5 44. Qf4+ Kh5 45. Qh2+ Kg5 46.
Qf4+ 1/2-1/2

[Event "XXXII Moglianoscacchi A"]
[Site "Mogliano Veneto ITA"]
[Date "2011.04.30"]
[Round "3"]
[White "Sorbera, Giovanni"]
[Black "Gromovs, Sergejs"]
[Result "1-0"]
[WhiteElo "2182"]
[BlackElo "2308"]
[PlyCount "26"]
[EventDate "2011.04.29"]

1. e4 d6 2. d4 Nf6 3. Nc3 g6 4. f4 Bg7 5. e5 Nfd7 6. Nf3 O-O 7. Bc4 e6 8. O-O
d5 9. Be2 a6 10. a4 c5 11. Be3 Nc6 12. g4 cxd4 13. Nxd4 Qe7 {...} 1-0

[Event "XXXII Moglianoscacchi A"]
[Site "Mogliano Veneto ITA"]
[Date "2011.04.30"]
[Round "3"]
[White "Vianello, Enrico"]
[Black "Gallo, Enrico"]
[Result "1-0"]
[WhiteElo "2164"]
[BlackElo "2104"]
[PlyCount "147"]
[EventDate "2011.04.29"]

1. Nf3 Nf6 2. c4 e6 3. g3 d5 4. b3 d4 5. e3 c5 6. exd4 cxd4 7. d3 Nc6 8. Bg2
Bb4+ 9. Bd2 Bxd2+ 10. Qxd2 O-O 11. O-O e5 12. b4 e4 13. dxe4 Nxe4 14. Qb2 Qb6
15. b5 Rd8 16. Qe2 Bf5 17. bxc6 bxc6 18. Nh4 d3 19. Qe3 Qb2 20. Nxf5 Qxa1 21.
Bxe4 Qe5 22. Nd2 Rab8 23. Ne7+ Qxe7 24. Bxh7+ Kf8 25. Be4 Rb2 26. Rd1 c5 27.
Bd5 Qxe3 28. fxe3 Rxa2 29. Ne4 Rc8 30. Rxd3 a5 31. Rb3 Kg8 32. Bxf7+ Kxf7 33.
Nd6+ Ke6 34. Nxc8 a4 35. Rb7 a3 36. Ra7 Ke5 37. Re7+ Kf6 38. Ra7 Ke5 39. Rxg7
Rb2 40. Rg5+ Ke4 41. Rxc5 a2 42. Ra5 Kf3 43. Rf5+ Kxe3 44. Ra5 Rb1+ 45. Kg2
a1=Q 46. Rxa1 Rxa1 47. Nd6 Ra2+ 48. Kh3 Kf3 49. Nf5 Ra8 50. c5 Rc8 51. c6 Rh8+
52. Nh4+ Kf2 53. Kg4 Rc8 54. Nf5 Rxc6 55. h4 Rc4+ 56. Kg5 Kf3 57. h5 Rc5 58. h6
Ke4 59. g4 Kf3 60. h7 Rc8 61. Nh4+ Kg3 62. Ng6 Rc5+ 63. Kf6 Rc6+ 64. Kf5 Rc5+
65. Ne5 Rc8 66. g5 Rf8+ 67. Ke6 Re8+ 68. Kf6 Ra8 69. g6 Kf4 70. Nf7 Ra6+ 71.
Ke7 Ra7+ 72. Ke6 Ra6+ 73. Nd6 Ra8 74. g7 1-0

[Event "XXXII Moglianoscacchi A"]
[Site "Mogliano Veneto ITA"]
[Date "2011.04.30"]
[Round "3"]
[White "Zamengo, Fulvio"]
[Black "Klaric, Zlatko"]
[Result "0-1"]
[WhiteElo "1978"]
[BlackElo "2426"]
[PlyCount "34"]
[EventDate "2011.04.29"]

1. e4 e5 2. Nf3 Nc6 3. Bb5 Nge7 4. O-O g6 5. c3 Bg7 6. d4 exd4 7. cxd4 d5 8.
exd5 Nxd5 9. Re1+ Be6 10. Ng5 O-O 11. Nxe6 fxe6 12. Be3 Nxe3 13. fxe3 Nxd4 14.
Qd3 a6 15. Bc4 b5 16. exd4 bxc4 17. Qh3 Bxd4+ 0-1

[Event "XXXII Moglianoscacchi A"]
[Site "Mogliano Veneto ITA"]
[Date "2011.05.01"]
[Round "4"]
[White "Aleksic, Nenad"]
[Black "Sorbera, Giovanni"]
[Result "1/2-1/2"]
[WhiteElo "2355"]
[BlackElo "2182"]
[PlyCount "41"]
[EventDate "2011.04.29"]

1. e4 Nf6 2. d3 e5 3. Nf3 Nc6 4. c3 d5 5. Nbd2 Be7 6. Be2 Bg4 7. O-O O-O 8. b3
dxe4 9. dxe4 Bc5 10. Qc2 a6 11. b4 Ba7 12. Nc4 Qe7 13. Ne3 Bh5 14. Nf5 Qe8 15.
N3h4 Bg6 16. Bc4 Kh8 17. a4 Ne7 18. Nxe7 Bxe4 19. Qa2 Qxe7 20. Bg5 Bg6 21. Rae1
1/2-1/2

[Event "XXXII Moglianoscacchi A"]
[Site "Mogliano Veneto ITA"]
[Date "2011.05.01"]
[Round "4"]
[White "Boraso, Alessio"]
[Black "De Napoli, Giuseppe"]
[Result "1-0"]
[WhiteElo "1880"]
[BlackElo "2061"]
[PlyCount "113"]
[EventDate "2011.04.29"]

1. d4 Nf6 2. c4 c5 3. d5 Ne4 4. Qc2 Qa5+ 5. Nd2 Nf6 6. e4 d6 7. f4 g6 8. Ngf3
Na6 9. a3 Ng4 10. Rb1 Ne3 11. Qd3 Nxf1 12. Qxf1 Bd7 13. Qf2 Bg7 14. O-O b5 15.
b3 O-O 16. Qh4 Qd8 17. Bb2 Bxb2 18. Rxb2 Kg7 19. e5 Nc7 20. g4 Rb8 21. g5 bxc4
22. Qh6+ Kh8 23. Ne4 Nxd5 24. bxc4 Ne3 25. Rxb8 Qxb8 26. exd6 Nf5 27. Qh3 Qe8
28. Ne5 Bc8 29. Qc3 Nd4 30. Nf3 e5 31. Re1 Qe6 32. Nxe5 Qf5 33. Nxc5 Qxf4 34.
Nf3 Qg4+ 35. Kf2 Qxf3+ 36. Qxf3 Nxf3 37. Kxf3 Rd8 38. Ne4 Bb7 39. c5 h6 40. h4
hxg5 41. hxg5 Kg7 42. Kf4 Rh8 43. Nf6 Rh4+ 44. Kg3 Rh8 45. Re8 Rxe8 46. Nxe8+
Kf8 47. Nf6 Bc6 48. Kf4 Bg2 49. Ne4 Ke8 50. c6 Kd8 51. c7+ Kc8 52. Ke5 Bh3 53.
Nf6 Be6 54. Kd4 Kb7 55. a4 Kc6 56. Ne4 Kb7 57. Nc5+ 1-0

[Event "XXXII Moglianoscacchi A"]
[Site "Mogliano Veneto ITA"]
[Date "2011.05.01"]
[Round "4"]
[White "Boscolo, Marco"]
[Black "Panican, Gheorghe"]
[Result "0-1"]
[WhiteElo "2175"]
[BlackElo "1971"]
[PlyCount "120"]
[EventDate "2011.04.29"]

1. d4 d6 2. e4 Nd7 3. Nf3 g6 4. c4 Bg7 5. Nc3 e5 6. Be2 Ne7 7. O-O O-O 8. dxe5
dxe5 9. Nd5 c6 10. Nxe7+ Qxe7 11. Qc2 h6 12. Bd2 Re8 13. b4 Nf8 14. Bc3 Qc7 15.
h3 Ne6 16. Rfd1 b6 17. Qb2 f6 18. a4 c5 19. a5 Bb7 20. Bd3 Nf4 21. axb6 axb6
22. Rxa8 Rxa8 23. Bb1 Bc6 24. Nh2 Rd8 25. Re1 Qd6 26. bxc5 bxc5 27. Qc2 Ne6 28.
Nf1 Nd4 29. Qc1 h5 30. Ne3 Bh6 31. Qb2 Bxe3 32. fxe3 Ne6 33. h4 Kg7 34. Qf2 Qe7
35. Rf1 Rf8 36. Qg3 Nd8 37. Bc2 Nf7 38. Bd1 Kh7 39. Bc2 Nd6 40. Bd3 Bxe4 41.
Be2 Nf5 42. Qf2 Nh6 43. Qg3 Ra8 44. Bf3 Nf5 45. Qf2 Qb7 46. g4 Bxf3 47. gxf5
gxf5 48. Qxf3 Qxf3 49. Rxf3 Kg6 50. Rg3+ Kf7 51. Rf3 Ke6 52. Kf2 Ra4 53. Ke2
Rxc4 54. Be1 Rg4 55. Rf1 c4 56. Bf2 f4 57. e4 f5 58. Rc1 fxe4 59. Rxc4 e3 60.
Be1 f3+ 0-1

[Event "XXXII Moglianoscacchi A"]
[Site "Mogliano Veneto ITA"]
[Date "2011.05.01"]
[Round "4"]
[White "Danieli, Enrico"]
[Black "Boscolo, Federico"]
[Result "0-1"]
[WhiteElo "2069"]
[BlackElo "2233"]
[PlyCount "100"]
[EventDate "2011.04.29"]

1. Nf3 Nf6 2. d4 g6 3. Nc3 d5 4. Bg5 Bg7 5. Bxf6 Bxf6 6. e4 c6 7. Bd3 dxe4 8.
Nxe4 Bxd4 9. Nxd4 Qxd4 10. Qe2 Qxb2 11. O-O O-O 12. Rab1 Qxa2 13. Ng5 Qd5 14.
Qxe7 Nd7 15. Rfe1 Qc5 16. Qxc5 Nxc5 17. Bc4 b5 18. Ba2 Kg7 19. Re5 Be6 20.
Nxe6+ Nxe6 21. Bxe6 fxe6 22. Rxe6 Rf6 23. Re7+ Rf7 24. Re6 Rc7 25. Kf1 Rd8 26.
Re4 Rd2 27. c4 a5 28. Ke1 Ra2 29. Re2 Rxe2+ 30. Kxe2 b4 31. Kd3 Rd7+ 32. Kc2
Kf6 33. Ra1 Ra7 34. Kb3 Ke6 35. Rd1 Rd7 36. Ra1 Rd3+ 37. Kb2 Rd2+ 38. Kb3 Rxf2
39. Rxa5 Rxg2 40. h4 Rh2 41. Kxb4 Kd6 42. Ra3 Rxh4 43. Rd3+ Kc7 44. Rf3 Kb6 45.
Rf6 Rg4 46. Rf8 h5 47. Rb8+ Kc7 48. Rh8 h4 49. Kc5 Rg5+ 50. Kd4 Rh5 0-1

[Event "XXXII Moglianoscacchi A"]
[Site "Mogliano Veneto ITA"]
[Date "2011.05.01"]
[Round "4"]
[White "Fiorido, Giuseppe"]
[Black "Basso, Pier Luigi"]
[Result "0-1"]
[WhiteElo "2139"]
[BlackElo "1996"]
[PlyCount "110"]
[EventDate "2011.04.29"]

1. e4 c5 2. Nf3 Nc6 3. Bb5 g6 4. O-O Bg7 5. Re1 Nd4 6. Nxd4 cxd4 7. Bf1 d6 8.
g3 e6 9. Bg2 Ne7 10. d3 O-O 11. Nd2 Qc7 12. Nf3 Bd7 13. Bg5 f6 14. Bd2 e5 15.
h3 Be6 16. Nh2 d5 17. Bb4 dxe4 18. Bxe7 Qxe7 19. Rxe4 Bd5 20. Re2 Bxg2 21. Kxg2
Qb4 22. Rb1 Rac8 23. Nf3 Rc7 24. Ne1 Bh6 25. Re4 Qa5 26. a3 Qd5 27. Kg1 f5 28.
Re2 b5 29. Ra1 a5 30. Qb1 Rfc8 31. Qa2 Qxa2 32. Rxa2 Rc5 33. b3 Kf7 34. a4 b4
35. Kf1 Kf6 36. Nf3 R8c7 37. Ne1 Re7 38. Nf3 Rd5 39. Nd2 Bxd2 40. Rxd2 e4 41.
dxe4 fxe4 42. Ra1 Rc7 43. Rad1 Ke5 44. Ke2 Rc3 45. Rc1 d3+ 46. Kd1 Rdc5 47. h4
h5 48. Ke1 Rxc2 49. Rdxc2 Rxc2 50. Rxc2 dxc2 51. Kd2 Kf5 52. Kxc2 Kg4 53. Kd2
Kf3 54. Ke1 e3 55. fxe3 Kxe3 0-1

[Event "XXXII Moglianoscacchi A"]
[Site "Mogliano Veneto ITA"]
[Date "2011.05.01"]
[Round "4"]
[White "Gallo, Enrico"]
[Black "Giuriato, Sergio"]
[Result "1/2-1/2"]
[WhiteElo "2104"]
[BlackElo "1945"]
[PlyCount "110"]
[EventDate "2011.04.29"]

1. e4 Nc6 2. Bb5 e5 3. Nf3 a6 4. Ba4 Nf6 5. O-O Be7 6. d3 b5 7. Bb3 d6 8. a4
Bb7 9. axb5 axb5 10. Rxa8 Bxa8 11. Nc3 Na5 12. Ba2 b4 13. Ne2 c5 14. Ng3 h6 15.
Nh4 Nxe4 16. dxe4 Bxh4 17. Nf5 O-O 18. Qg4 Bg5 19. h4 h5 20. Qxg5 Qxg5 21. Bxg5
Bxe4 22. Nxd6 Bxc2 23. Bd5 Bb3 24. Bxb3 Nxb3 25. Be7 Ra8 26. Ne4 Ra5 27. Rd1 f5
28. Ng5 Nd4 29. Bd6 e4 30. Be5 Nc6 31. Rd7 Ra7 32. Rxa7 Nxa7 33. Bd6 g6 34.
Bxc5 Nc6 35. Kf1 Kg7 36. Ke1 Kf6 37. Bd6 Nd4 38. Kd1 b3 39. Kd2 Nb5 40. Bb8 Ke7
41. Nh3 Kf6 42. Nf4 g5 43. hxg5+ Kxg5 44. Ne2 h4 45. Be5 Kg4 46. Nc1 f4 47.
Nxb3 f3 48. gxf3+ Kxf3 49. Ke1 h3 50. Nd2+ Kg4 51. Nxe4 Kf5 52. Nd6+ Kxe5 53.
Kf1 Nd4 54. Kg1 Kf4 55. Kh2 Kf3 1/2-1/2

[Event "XXXII Moglianoscacchi A"]
[Site "Mogliano Veneto ITA"]
[Date "2011.05.01"]
[Round "4"]
[White "Gigovski, Gjoko"]
[Black "Gromovs, Sergejs"]
[Result "0-1"]
[WhiteElo "1944"]
[BlackElo "2308"]
[PlyCount "81"]
[EventDate "2011.04.29"]

1. d4 d5 2. Nf3 Bf5 3. Bf4 e6 4. e3 Bd6 5. Bg3 Bxg3 6. hxg3 h6 7. Bd3 Ne7 8.
Bxf5 Nxf5 9. g4 Nd6 10. Nbd2 Nd7 11. Qe2 Qe7 12. Ne5 O-O-O 13. O-O-O Rhe8 14.
Kb1 Nb6 15. c4 f6 16. c5 fxe5 17. cxb6 axb6 18. dxe5 Nf7 19. f4 Qb4 20. Nf3 c5
21. Qc2 Kb8 22. a3 Qb5 23. Rd3 Rc8 24. Rc3 Nd8 25. Nd4 Qd7 26. Rc1 Nf7 27. Nf3
Rc6 28. Qa4 Rec8 29. b4 g5 30. bxc5 bxc5 31. Rb3 gxf4 32. Qxf4 Ra6 33. Ka2 Ra4
34. Qf6 Rxg4 35. Rc2 Rcg8 36. Nh4 Qc7 37. Rcb2 Nd8 38. Rxb7+ Nxb7 39. Rc2 Qg7
40. Qf2 Qxe5 41. Nf3 {...} 0-1

[Event "XXXII Moglianoscacchi A"]
[Site "Mogliano Veneto ITA"]
[Date "2011.05.01"]
[Round "4"]
[White "Klaric, Zlatko"]
[Black "Inkiov, Ventzislav V."]
[Result "1/2-1/2"]
[WhiteElo "2426"]
[BlackElo "2497"]
[PlyCount "21"]
[EventDate "2011.04.29"]

1. d4 d5 2. c4 e6 3. Nc3 Nf6 4. cxd5 exd5 5. Bf4 c6 6. e3 Bd6 7. Bxd6 Qxd6 8.
Bd3 O-O 9. Nf3 Bg4 10. h3 Bxf3 11. Qxf3 1/2-1/2

[Event "XXXII Moglianoscacchi A"]
[Site "Mogliano Veneto ITA"]
[Date "2011.05.01"]
[Round "4"]
[White "Litrico, Paolo"]
[Black "Cecchetto, Vanni"]
[Result "0-1"]
[WhiteElo "1963"]
[BlackElo "1911"]
[PlyCount "70"]
[EventDate "2011.04.29"]

1. d4 e5 2. d5 Bc5 3. Nc3 a6 4. Nf3 d6 5. Ne4 Ba7 6. Ng3 Nf6 7. e4 Ng4 8. Be3
Nxe3 9. fxe3 Bxe3 10. Qd3 Bh6 11. h3 Nd7 12. Nf5 Nc5 13. Qc4 Bxf5 14. exf5 e4
15. Qe2 O-O 16. Nd4 Qh4+ 17. Kd1 e3 18. Nf3 Qe4 19. g4 Qxd5+ 20. Kc1 Ne4 21.
Rg1 Bf4 22. c4 Qa5 23. Kc2 d5 24. Rd1 Rad8 25. Rd4 c5 26. Rxd5 Rxd5 27. cxd5
Qxa2 28. Bg2 c4 29. Nd4 Qa4+ 30. Kc1 Ng3 31. Qc2 Qa1+ 32. Qb1 e2+ 33. Kc2 Qa4+
34. Kc3 Be5 35. b3 cxb3 0-1

[Event "XXXII Moglianoscacchi A"]
[Site "Mogliano Veneto ITA"]
[Date "2011.05.01"]
[Round "4"]
[White "Pozzi, Massimo"]
[Black "Castellano, Alfonso"]
[Result "1-0"]
[WhiteElo "2035"]
[BlackElo "1909"]
[PlyCount "59"]
[EventDate "2011.04.29"]

1. d4 Nf6 2. Bf4 g6 3. e3 Bg7 4. Nf3 d6 5. Be2 O-O 6. O-O c6 7. c4 a6 8. Nc3 b5
9. a3 Nh5 10. Bg5 h6 11. Bh4 Nd7 12. Nd2 Nhf6 13. Bf3 Qb6 14. b4 Bb7 15. Qb3 e5
16. c5 dxc5 17. dxc5 Qc7 18. Rad1 Bc8 19. a4 Rb8 20. Nde4 g5 21. Bg3 Nxe4 22.
Nxe4 Nf6 23. Nd6 Be6 24. Qc2 Nd5 25. Bxd5 cxd5 26. axb5 axb5 27. f4 f6 28. fxe5
fxe5 29. Qg6 Kh8 30. Qxe6 1-0

[Event "XXXII Moglianoscacchi A"]
[Site "Mogliano Veneto ITA"]
[Date "2011.05.01"]
[Round "4"]
[White "Santolini, Luigi"]
[Black "Quaranta, Cristiano"]
[Result "1/2-1/2"]
[WhiteElo "2208"]
[BlackElo "2130"]
[PlyCount "90"]
[EventDate "2011.04.29"]

1. d4 d5 2. c4 c6 3. e3 Nf6 4. Nf3 e6 5. Nbd2 Nbd7 6. b3 Be7 7. Bd3 O-O 8. O-O
b6 9. Bb2 Bb7 10. Rc1 Rc8 11. e4 dxe4 12. Nxe4 Nxe4 13. Bxe4 Nf6 14. Bb1 c5 15.
Ne5 cxd4 16. Qxd4 Qxd4 17. Bxd4 Rfd8 18. Rcd1 Nd7 19. Bc2 Nxe5 20. Bxe5 Rxd1
21. Rxd1 Rd8 22. Rxd8+ Bxd8 23. b4 Be7 24. Bc3 Bc6 25. f3 g6 26. Kf2 Kf8 27.
Ke3 Ke8 28. b5 Bb7 29. Be4 Bxe4 30. Kxe4 Kd7 31. a4 Bd6 32. Be5 Be7 33. Bd4 Bd6
34. Be5 Be7 35. Bc3 Bd6 36. h3 f5+ 37. Kd3 e5 38. a5 Ke6 39. a6 Bc5 40. Bd2 Kd6
41. Bh6 Ke6 42. Bg7 Bd6 43. Bh6 Bc5 44. Bg5 Bf2 45. Bh6 Bc5 1/2-1/2

[Event "XXXII Moglianoscacchi A"]
[Site "Mogliano Veneto ITA"]
[Date "2011.05.01"]
[Round "4"]
[White "Zamengo, Fulvio"]
[Black "Vianello, Enrico"]
[Result "1-0"]
[WhiteElo "1978"]
[BlackElo "2164"]
[PlyCount "73"]
[EventDate "2011.04.29"]

1. e4 c5 2. Nf3 Nc6 3. d4 cxd4 4. Nxd4 Nf6 5. Nc3 e5 6. Ndb5 d6 7. Nd5 Nxd5 8.
exd5 Nb8 9. Qf3 Be7 10. Qc3 Na6 11. Be3 O-O 12. Nxa7 Bf5 13. Bxa6 bxa6 14. Nc6
Qe8 15. O-O Bf6 16. b4 Rc8 17. a4 Be4 18. Rfd1 Bxd5 19. Rxd5 Rxc6 20. Qd2 e4
21. Bd4 Bxd4 22. Rxd4 Qe5 23. Rd1 Rd8 24. c4 h6 25. c5 a5 26. Rd5 Qe7 27. b5
Rcc8 28. c6 Qh4 29. Rxd6 Re8 30. Qe3 f5 31. g3 Qg4 32. b6 f4 33. Qxf4 Qe2 34.
Qe3 Qc2 35. c7 Qxa4 36. Rd8 Qc6 37. Rxc8 1-0

[Event "XXXII Moglianoscacchi A"]
[Site "Mogliano Veneto ITA"]
[Date "2011.05.01"]
[Round "5"]
[White "Boscolo, Federico"]
[Black "Gigovski, Gjoko"]
[Result "1/2-1/2"]
[WhiteElo "2233"]
[BlackElo "1944"]
[PlyCount "160"]
[EventDate "2011.04.29"]

1. e4 c6 2. Nc3 d5 3. Nf3 e6 4. d4 dxe4 5. Nxe4 Nf6 6. Bd3 Nbd7 7. c3 Be7 8.
O-O Nxe4 9. Bxe4 Nf6 10. Bc2 h6 11. Bf4 Nd5 12. Be3 c5 13. Ne5 O-O 14. Qd3 f5
15. Ng6 Nxe3 16. fxe3 Rf6 17. Nxe7+ Qxe7 18. e4 cxd4 19. Qxd4 b6 20. exf5 Qc5
21. Qxc5 bxc5 22. Bb3 Ba6 23. Bxe6+ Kh8 24. Rfd1 g6 25. Bd5 Rb8 26. fxg6 Rxb2
27. Be4 Bb5 28. Rd8+ Kg7 29. Rad1 Re6 30. Bd5 Rxg6 31. c4 Ba4 32. Rf1 h5 33. h4
Kh6 34. Rh8+ Kg7 35. Rxh5 Be8 36. Re5 Bc6 37. Rf2 Rb7 38. Rfe2 Bxd5 39. cxd5
Rb1+ 40. Kh2 Rd1 41. Re7+ Kh6 42. Rxa7 Rxd5 43. Ree7 Rf6 44. Rh7+ Kg6 45. Rag7+
Kf5 46. Rg5+ Ke4 47. Rc7 Rxg5 48. hxg5 Rf5 49. g6 Rg5 50. g7 Kd5 51. Kh3 Kd6
52. Ra7 c4 53. g4 c3 54. Ra3 Rxg7 55. Rxc3 Rh7+ 56. Kg3 Ra7 57. a3 Ke5 58. Rb3
Kf6 59. Rd3 Kg5 60. Rc3 Kf6 61. Kf2 Ra4 62. Rg3 Kg5 63. Ke2 Kf4 64. Rb3 Kg5 65.
Kd2 Rxg4 66. Rd3 Kf5 67. Kc3 Ke5 68. Kb3 Rg6 69. Kc4 Rc6+ 70. Kb5 Rc1 71. a4
Rb1+ 72. Kc4 Rc1+ 73. Kb3 Rb1+ 74. Ka2 Rb6 75. Ka3 Rd6 76. Rh3 Kd5 77. Kb4 Kc6
78. Rb3 Kb6 79. Rb1 Ka6 80. a5 Rh6 1/2-1/2

[Event "XXXII Moglianoscacchi A"]
[Site "Mogliano Veneto ITA"]
[Date "2011.05.01"]
[Round "5"]
[White "Danieli, Enrico"]
[Black "Boscolo, Marco"]
[Result "0-1"]
[WhiteElo "2069"]
[BlackElo "2175"]
[PlyCount "74"]
[EventDate "2011.04.29"]

1. Nf3 d6 2. d4 Nd7 3. e4 e5 4. Nc3 c6 5. a4 Be7 6. Bc4 Ngf6 7. g4 O-O 8. g5
Ne8 9. a5 exd4 10. Qxd4 Nc5 11. Rg1 Be6 12. b4 Bxc4 13. Qxc4 Ne6 14. h4 N8c7
15. Bb2 d5 16. exd5 cxd5 17. Qg4 Qd6 18. b5 Qb4 19. Qxb4 Bxb4 20. b6 axb6 21.
O-O-O Rxa5 22. Rg4 Bc5 23. h5 Bxf2 24. h6 f5 25. gxf6 g6 26. Ne2 Be3+ 27. Kb1
Rb5 28. Nc3 Ra5 29. Ne2 Ne8 30. f7+ Rxf7 31. Ne5 Re7 32. Rd3 d4 33. Nc4 Nc5 34.
Rxe3 dxe3 35. Nxb6 Rb5 36. Nd5 Re4 37. Rg3 Na4 0-1

[Event "XXXII Moglianoscacchi A"]
[Site "Mogliano Veneto ITA"]
[Date "2011.05.01"]
[Round "5"]
[White "De Napoli, Giuseppe"]
[Black "Litrico, Paolo"]
[Result "1-0"]
[WhiteElo "2061"]
[BlackElo "1963"]
[PlyCount "65"]
[EventDate "2011.04.29"]

1. d4 f5 2. Bf4 Nf6 3. e3 g6 4. h4 Bg7 5. h5 d6 6. Bc4 d5 7. Bd3 Be6 8. h6 Bf8
9. Nf3 c6 10. Nc3 Nbd7 11. Ng5 Bg8 12. f3 e6 13. Qe2 Nh5 14. g4 Nxf4 15. exf4
Qf6 16. Qe3 O-O-O 17. O-O-O Bd6 18. Ne2 Rf8 19. Nh3 fxg4 20. fxg4 c5 21. Bb5
cxd4 22. Rxd4 Bc5 23. Qc3 e5 24. fxe5 Qxe5 25. Bxd7+ Kxd7 26. Qxc5 Rc8 27. Qb5+
Kc7 28. Nhf4 Kb8 29. Rhd1 Qg5 30. Rb4 b6 31. a4 Be6 32. a5 Rc5 33. Qxc5 1-0